[Event "AUTO-OPEN-1227"]
[Site "http://www.queenalice.com/game.php?id=447686"]
[Date "2008.8.12"]
[Round "1"]
[White "AgustinV"]
[Black "SirKnight"]
[Result "0-1"]
[WhiteElo "1485"]
[BlackElo "2103"]

1. d4 Nf6 2. Bg5 e6 3. Nf3 Be7 4. Nc3 d5 5. Ne5 Nbd7 6. Nxd7 Bxd7 7. e3 a6 8. g3
h6 9. Bxf6 Bxf6 10. Bg2 Rb8 11. b4 b6 12. Qf3 c5 13. bxc5 bxc5 14. Na4 Bxa4 15.
c3 cxd4 16. cxd4 Qa5+ 17. Kf1 O-O 18. h4 Rfc8 19. Bh3 Rb2 20. Kg2 Rcc2 21. Rhf1
Bb5 22. a4 Bxf1+ 23. Kxf1 Qd2 24. Kg1 Qxf2+ 25. Qxf2 Rxf2 26. Rc1 Rfe2 27. Bf1
Rxe3 28. a5 Rxg3+ 0-1

[Event "AUTO-OPEN-1227"]
[Site "http://www.queenalice.com/game.php?id=447687"]
[Date "2008.8.12"]
[Round "1"]
[White "SirKnight"]
[Black "AgustinV"]
[Result "1/2-1/2"]
[WhiteElo "2062"]
[BlackElo "1460"]

1. e4 e5 2. Nf3 Nc6 3. Bc4 f6 4. a3 d6 5. d4 Bg4 6. dxe5 Nxe5 7. Be2 Bxf3 8.
gxf3 g5 9. f4 gxf4 10. Bh5+ Ng6 11. Bxf4 Qe7 12. Nc3 O-O-O 13. Qg4+ Qd7 14.
Qxd7+ Rxd7 15. Bg4 Nxf4 16. Rg1 Bh6 17. Nd5 Nxd5 18. exd5 Ne7 19. Bxd7+ Kxd7 20.
c4 Nf5 21. Ke2 Nd4+ 22. Kd3 Nf3 23. Rg3 Nxh2 24. Rh1 Bf4 25. Rxh2 Bxg3 26. fxg3
c6 27. b4 cxd5 28. cxd5 f5 29. Rh5 Rg8 30. Rxh7+ Kc8 31. Rh3 b5 32. Ke3 Rg4 33.
Kd3 Kb7 34. Ke3 Kb6 35. Kd3 Rc4 36. Rh6 Kc7 37. Rh7+ Kb6 38. Rh6 Kc7 39. Rh7+
Kb8 40. Rh8+ Kc7 41. Rh7+ 1/2-1/2

[Event "AUTO-OPEN-1227"]
[Site "http://www.queenalice.com/game.php?id=447688"]
[Date "2008.8.12"]
[Round "1"]
[White "AgustinV"]
[Black "andrevillares"]
[Result "0-1"]
[WhiteElo "1460"]
[BlackElo "2069"]

1. d4 Nf6 2. Bg5 Ne4 3. Nf3 Nxg5 4. Nxg5 e5 5. dxe5 Qxg5 6. Nc3 Bb4 7. e3 Qxe5
8. Qd2 O-O 9. f4 Qe7 10. a3 Bxc3 11. Qxc3 d5 12. O-O-O Be6 13. g3 c5 14. Bg2 Rd8
15. Qb3 Nc6 16. Qc3 Rac8 17. Rhf1 d4 18. exd4 cxd4 19. Qf3 Bd5 20. Qf2 Bxg2 21.
Qxg2 Qe3+ 22. Rd2 d3 23. cxd3 Nd4+ 24. Kb1 Nb3 25. Rdd1 Rxd3 26. Rxd3 Qxd3+ 27.
Ka2 Nd2 28. Rd1 Qb3+ 0-1

[Event "AUTO-OPEN-1227"]
[Site "http://www.queenalice.com/game.php?id=447689"]
[Date "2008.8.12"]
[Round "1"]
[White "andrevillares"]
[Black "AgustinV"]
[Result "1-0"]
[WhiteElo "2039"]
[BlackElo "1485"]

1. d4 Nf6 2. c4 d5 3. Nc3 dxc4 4. e4 e6 5. Bxc4 Bb4 6. Bg5 O-O 7. e5 h6 8. exf6
hxg5 9. fxg7 Kxg7 10. Nf3 Nc6 11. O-O g4 12. Ne5 Ne7 13. Qxg4+ Kh8 14. Ne4 f5
15. Qh5+ Kg7 16. Qg5+ Kh8 17. Qh6+ Kg8 18. Ng5 Rf6 19. Qxf6 Nc6 20. Qf7+ 1-0

[Event "AUTO-OPEN-1235"]
[Site "http://www.queenalice.com/game.php?id=451289"]
[Date "2008.8.20"]
[Round "1"]
[White "GMkozakov"]
[Black "AgustinV"]
[Result "1-0"]
[WhiteElo "1887"]
[BlackElo "1485"]

1. d4 d5 2. e3 Nc6 3. c3 Nf6 4. Nf3 Bg4 5. Nbd2 g6 6. Qc2 e6 7. Ne5 Qd6 8. Bb5
Bg7 9. e4 a6 10. Bxc6+ bxc6 11. h3 Bh5 12. g4 dxe4 13. gxh5 gxh5 14. Rg1 Rg8 15.
Nxe4 Nxe4 16. Qxe4 Bxe5 17. Rxg8+ 1-0

[Event "AUTO-OPEN-1235"]
[Site "http://www.queenalice.com/game.php?id=451290"]
[Date "2008.8.20"]
[Round "1"]
[White "AgustinV"]
[Black "GMkozakov"]
[Result "0-1"]
[WhiteElo "1444"]
[BlackElo "1838"]

1. d4 Nf6 2. Nf3 d5 3. Nc3 e6 4. Bg5 Be7 5. e3 h6 6. h4 hxg5 7. hxg5 Rxh1 8. g3
Ne4 9. Ne2 e5 10. Nxe5 Bh3 11. f3 Rxf1# 0-1

[Event "AUTO-OPEN-1235"]
[Site "http://www.queenalice.com/game.php?id=451311"]
[Date "2008.8.20"]
[Round "1"]
[White "AgustinV"]
[Black "chessaga"]
[Result "0-1"]
[WhiteElo "1443"]
[BlackElo "1539"]

1. d4 Nf6 2. Nf3 g6 3. Nc3 Bg7 4. e4 d6 5. d5 Bg4 6. h3 Bxf3 7. Qxf3 O-O 8. b4
Nxe4 9. Bb2 f5 10. O-O-O Bd4 11. Rxd4 Ng5 12. Qg3 e5 13. Rc4 f4 14. Qd3 a6 15.
g3 b5 16. Re4 Nxe4 17. Nxe4 fxg3 18. Nxg3 Rxf2 19. Ne4 Qh4 20. Kb1 Rf4 21. Bg2
Nd7 22. Rf1 Rxe4 23. Bxe4 Rf8 24. Rxf8+ Nxf8 25. a3 Qf6 26. Qc3 Qg7 27. Qc6 Nd7
28. Qxc7 Nf6 29. Qd8+ Kf7 30. Qxd6 Nxe4 31. Qe6+ Kf8 32. Bxe5 Qe7 33. Bf4 Qxe6
34. dxe6 Ke7 35. Kb2 Kxe6 36. h4 Kf5 37. Bc7 Kg4 38. Bd8 h6 39. c3 Nd6 40. Bb6
Ne4 41. Be3 h5 42. c4 bxc4 0-1

[Event "AUTO-OPEN-1235"]
[Site "http://www.queenalice.com/game.php?id=451312"]
[Date "2008.8.20"]
[Round "1"]
[White "chessaga"]
[Black "AgustinV"]
[Result "0-1"]
[WhiteElo "1602"]
[BlackElo "1382"]

1. d4 d5 2. c4 dxc4 3. e4 e6 4. Bxc4 Nc6 5. Nf3 Bb4+ 6. Nc3 Bxc3+ 7. bxc3 Nf6 8.
Bg5 a6 9. e5 b5 10. exf6 gxf6 11. Bh4 bxc4 12. Qa4 Bd7 13. Qxc4 Rg8 14. O-O Qc8
15. Bxf6 Rg6 16. Rfe1 Rxf6 17. d5 Nd8 18. dxe6 Bxe6 19. Nd4 c5 20. Nxe6 fxe6 21.
Qh4 Ke7 22. Qxh7+ Rf7 23. Qh4+ Kd7 24. Rad1+ Ke8 25. f3 Nc6 26. Qh8+ Rf8 27.
Qh5+ Ke7 28. Qxc5+ Kf7 29. Qh5+ Ke7 30. Qh7+ Rf7 31. Qh4+ Ke8 32. Qh8+ Ke7 33.
Qxc8 Rxc8 34. Rb1 Rg8 35. Rb7+ Kf6 36. Rxf7+ Kxf7 37. Re4 Ra8 38. Rc4 Ne5 39.
Rc7+ Kf6 40. h4 Nf7 41. Rc5 Rd8 42. g4 Ne5 43. g5+ Kf5 44. f4 Kxf4 45. Ra5 Nf3+
46. Kf2 Rd2+ 47. Kf1 Nxh4 48. Ra4+ Kg3 49. Ke1 Nf3+ 50. Kf1 Rf2# 0-1

[Event "Challenge"]
[Site "http://www.queenalice.com/game.php?id=454483"]
[Date "2008.8.27"]
[Round "-"]
[White "strangy"]
[Black "AgustinV"]
[Result "1-0"]
[WhiteElo "1514"]
[BlackElo "1484"]

1. Nf3 e6 2. d4 d5 3. e3 Nf6 4. Bd3 Nc6 5. b3 Ng4 6. O-O Qd6 7. Ba3 Qd7 8. Bxf8
Rxf8 9. c4 Nb4 10. Nc3 f5 11. h3 Nf6 12. Ne5 Qd6 13. c5 Qd8 14. Bb5+ c6 15. a3
cxb5 16. axb4 Bd7 17. Nxd7 Qxd7 18. Qd3 Kf7 19. Nxb5 a6 20. Nd6+ Ke7 21. b5 axb5
22. Nxb5 Rfb8 23. f3 b6 24. c6 Qxc6 25. Rac1 Qe8 26. Nc7 Qg6 27. Nxa8 Rxa8 28.
Qb5 Nd7 29. Rc7 Qe8 30. Qxb6 Kf6 31. Qc6 Ke7 32. Rxd7+ Qxd7 33. Qxa8 h6 34. Rc1
Kf6 35. Qc6 Qf7 36. Qd6 h5 37. Rc7 Qe8 38. Qe5+ 1-0

[Event "Let's Play Chess!"]
[Site "http://www.queenalice.com/game.php?id=454623"]
[Date "2008.8.28"]
[Round "-"]
[White "AgustinV"]
[Black "CampbellMarcel"]
[Result "0-1"]
[WhiteElo "1483"]
[BlackElo "1847"]

1. d4 f5 2. Bf4 d6 3. d5 e5 4. Bd2 Nf6 5. Bg5 h6 6. Bxf6 Qxf6 7. Nc3 g5 8. e3
Nd7 9. Bb5 a6 10. Bxd7+ Bxd7 11. h3 Bg7 12. g3 O-O-O 13. Nf3 e4 14. Nd4 c5 15.
Nb3 Bb5 0-1

[Event "Let's Play Chess!"]
[Site "http://www.queenalice.com/game.php?id=454895"]
[Date "2008.8.28"]
[Round "-"]
[White "AgustinV"]
[Black "Viper3910"]
[Result "0-1"]
[WhiteElo "1481"]
[BlackElo "1845"]

1. d4 Nf6 2. Nc3 d5 3. Nf3 Bf5 4. Bf4 Qd7 5. e3 Nc6 6. Nb5 O-O-O 7. h3 h6 8. Ne5
Nxe5 9. Bxe5 Ne8 10. Nxa7+ Kb8 11. Nb5 f6 12. Bg3 Nd6 13. Bxd6 exd6 14. g4 Be6
15. c3 c6 16. Na3 b5 17. f4 f5 18. gxf5 Bxf5 19. Qb3 Qb7 20. O-O-O Kc7 21. Qb4
Ra8 22. Bg2 Ra4 23. Qb3 Be6 24. Rhf1 g6 25. h4 h5 26. Nc2 c5 27. Na3 c4 28.
Nxb5+ Kc6 29. Qxa4 Qxb5 30. Qxb5+ Kxb5 31. e4 Bg4 32. Rd2 Be7 33. exd5 Bxh4 0-1

[Event "Challenge"]
[Site "http://www.queenalice.com/game.php?id=456804"]
[Date "2008.9.1"]
[Round "-"]
[White "rdaigle2003"]
[Black "AgustinV"]
[Result "1-0"]
[WhiteElo "1595"]
[BlackElo "1501"]

1. e4 e5 2. Nf3 Nc6 3. Bb5 Nd4 4. Nxd4 exd4 5. d3 Nf6 6. c3 dxc3 7. Nxc3 Bb4 8.
Bd2 Bc5 9. O-O a6 10. Bc4 d6 11. h3 Nd7 12. Qf3 f6 13. Qh5+ g6 14. Qh6 Ne5 15.
Bb3 Qe7 16. Nd5 Qf8 17. Nxc7+ Kd7 18. Nxa8 Qxh6 19. Bxh6 b5 20. Bd5 Nxd3 21. Be3
1-0